[Event "11th Arad Open 2018"]
[Site "Arad"]
[Date "2018.08.08"]
[Round "5"]
[White "Peptan, Corina-Isabela"]
[Black "Vachylia, Andrii"]
[Result "1/2-1/2"]
[WhiteElo "2380"]
[BlackElo "2192"]
[Annotator "NA"]
[PlyCount "108"]
[EventDate "2018.08.05"]
[EventType "swiss"]
[EventCountry "ROU"]
[SourceTitle "playchess.com"]
[Source "ChessBase"]
[SourceQuality "1"]
[TimeControl "40/5400+30:1800+30"]

1. c4 {[%emt 0:00:00]} Nf6 {[%emt 0:00:00]} 2. Nc3 {[%emt 0:00:10]} g6 {[%emt 0:00:00]} 3. g3 {[%emt 0:00:19]} Bg7 {[%emt 0:00:00]} 4. Bg2 {[%emt 0:00:04]} O-O {[%emt 0:00:03]} 5. d4 {[%emt 0:02:10]} d6 {[%emt 0:00:10]} 6. Nf3 {[%emt 0:00:15]} Nbd7 {[%emt 0:00:07]} 7. O-O {[%emt 0:00:08]} e5 {[%emt 0:00:21]} 8. dxe5 {[%emt 0:09:54]} dxe5 {[%emt 0:00:26]} 9. Be3 {[%emt 0:02:25]} c6 {[%emt 0:02:50]} 10. Qc1 {[%emt 0:00:13]} Re8 {[%emt 0:00:32]} 11. h3 {[%emt 0:03:02]} Qe7 {[%emt 0:01:53]} 12. Rd1 {[%emt 0:02:21]} a5 {[%emt 0:04:46]} 13. Nd2 {[%emt 0:18:49]} Nc5 {[%emt 0:12:42]} 14. Nb3 {[%emt 0:15:07]} Ne6 {[%emt 0:08:32]} 15. Na4 {[%emt 0:01:39]} Nd7 {[%emt 0:00:14]} 16. c5 {[%emt 0:02:22]} h5 {[%emt 0:03:34]} 17. h4 {[%emt 0:03:35]} Ra6 {[%emt 0:05:19]} 18. Qc4 {[%emt 0:08:36]} Nf6 {[%emt 0:01:02]} 19. Nb6 {[%emt 0:00:17]} Ng4 {[%emt 0:03:11]} 20. Bd2 {[%emt 0:04:10]} a4 {[%emt 0:10:09]} 21. Nxa4 {[%emt 0:00:02]} Nf4 {[%emt 0:03:24]} 22. Nc3 {[%emt 0:08:51]} Nxg2 {[%emt 0:03:33]} 23. Kxg2 {[%emt 0:00:02]} e4 {[%emt 0:00:23]} 24. Bg5 {[%emt 0:01:22]} Bf6 {[%emt 0:03:33]} 25. Bxf6 {[%emt 0:03:07]} Qxf6 {[%emt 0:00:04]} 26. Qd4 {[%emt 0:01:14]} Qf5 {[%emt 0:00:07]} 27. Rf1 {[%emt 0:00:36]} e3 {[%emt 0:00:42]} 28. f3 {[%emt 0:05:31]} Nf2 {[%emt 0:00:27]} 29. Rxf2 {[%emt 0:00:28]} exf2 {[%emt 0:00:36]} 30. Kxf2 {[%emt 0:01:46]} Qh3 {[%emt 0:10:02]} 31. Rg1 {[%emt 0:01:49]} Bf5 {[%emt 0:00:48]} 32. Nd2 {[%emt 0:02:23]} Raa8 {[%emt 0:03:49]} 33. Nc4 {[%emt 0:00:25]} Rad8 {[%emt 0:02:00]} 34. Nd6 {[%emt 0:00:05]} Qh2+ {[%emt 0:01:14]} 35. Rg2 {[%emt 0:00:16]} Qh1 {[%emt 0:00:05]} 36. Rg1 {[%emt 0:02:23]} Qh2+ {[%emt 0:00:06]} 37. Rg2 {[%emt 0:01:01]} Qh1 {[%emt 0:00:07]} 38. a3 {[%emt 0:01:22]} Qc1 {[%emt 0:01:44]} 39. Nd1 {[%emt 0:00:38]} Bd3 {[%emt 0:04:10]} 40. Nc3 {[%emt 0:00:00]} Bxe2 {[%emt 0:00:00]} 41. Nxe2 {[%emt 0:16:06]} Qc2 {[%emt 0:16:26]} 42. Qc4 {[%emt 0:00:47]} Rxe2+ {[%emt 0:00:47]} 43. Qxe2 {[%emt 0:00:31]} Qxc5+ {[%emt 0:00:04]} 44. Qe3 {[%emt 0:01:47]} Qxd6 {[%emt 0:00:40]} 45. Kg1 {[%emt 0:00:21]} Qd4 {[%emt 0:01:18]} 46. Qxd4 {[%emt 0:05:35]} Rxd4 {[%emt 0:00:03]} 47. Rf2 {[%emt 0:00:28]} Rd3 {[%emt 0:00:13]} 48. Kf1 {[%emt 0:00:08]} Rb3 {[%emt 0:00:07]} 49. Ke1 {[%emt 0:00:11]} Kg7 {[%emt 0:00:16]} 50. Kd1 {[%emt 0:00:05]} Kf6 {[%emt 0:00:08]} 51. Kc2 {[%emt 0:00:06]} Re3 {[%emt 0:00:05]} 52. Kd2 {[%emt 0:00:05]} Rb3 {[%emt 0:00:06]} 53. Kc2 {[%emt 0:00:04]} Re3 {[%emt 0:00:26]} 54. Kd2 {[%emt 0:00:05]} Rb3 1/2-1/2

[Event "11th Arad Open 2018"]
[Site "Arad"]
[Date "2018.08.08"]
[Round "5"]
[White "Farkas, Gabor"]
[Black "Stany, G A"]
[Result "0-1"]
[WhiteElo "2366"]
[BlackElo "2494"]
[Annotator "ChessBase"]
[PlyCount "54"]
[EventDate "2018.08.05"]
[EventType "swiss"]
[EventCountry "ROU"]
[SourceTitle "playchess.com"]
[Source "ChessBase"]
[SourceQuality "1"]
[TimeControl "40/5400+30:1800+30"]

1. Nf3 {[%emt 0:00:00]} Nf6 {[%emt 0:03:00]} 2. g3 {[%emt 0:00:00]} d5 {[%emt 0:00:58]} 3. Bg2 {[%emt 0:00:34]} g6 {[%emt 0:00:07]} 4. O-O {[%emt 0:00:34]} Bg7 {[%emt 0:00:05]} 5. d4 {[%emt 0:00:06]} O-O {[%emt 0:00:06]} 6. c4 {[%emt 0:01:12]} c6 {[%emt 0:00:13]} 7. cxd5 {[%emt 0:05:56]} cxd5 {[%emt 0:00:09]} 8. Nc3 {[%emt 0:00:46]} Nc6 {[%emt 0:00:10]} 9. Ne5 {[%emt 0:15:00]} Bf5 {[%emt 0:02:24]} 10. Bf4 {[%emt 0:07:23]} Ne4 {[%emt 0:06:43]} 11. Nxc6 {[%emt 0:04:54]} bxc6 {[%emt 0:00:25]} 12. Nxe4 {[%emt 0:05:58]} Bxe4 {[%emt 0:01:36]} 13. f3 {[%emt 0:12:48]} Bf5 {[%emt 0:00:18]} 14. Qd2 {[%emt 0:00:22]} Qb6 {[%emt 0:02:34]} 15. Rfd1 {[%emt 0:00:55]} c5 {[%emt 0:06:41]} 16. Be3 {[%emt 0:05:57]} c4 {[%emt 0:05:41]} 17. Bf4 {[%emt 0:04:31]} a5 {[%emt 0:04:04]} 18. Kh1 {[%emt 0:01:32]} a4 {[%emt 0:00:48]} 19. a3 {[%emt 0:02:13]} Ra5 {[%emt 0:01:19]} 20. Qb4 {[%emt 0:05:38]} Rb5 {[%emt 0:10:33]} 21. Qxe7 {[%emt 0:00:19]} Rxb2 {[%emt 0:00:04]} 22. e4 {[%emt 0:05:58]} dxe4 {[%emt 0:00:29]} 23. fxe4 {[%emt 0:01:06]} Bg4 {[%emt 0:00:07]} 24. Rf1 {[%emt 0:00:26]} Rxg2 {[%emt 0:06:35]} 25. Kxg2 {[%emt 0:00:31]} Qb2+ {[%emt 0:00:05]} 26. Kh1 {[%emt 0:01:17]} Bh3 {[%emt 0:00:06]} 27. Rg1 {[%emt 0:00:15]} Qf2 {[%emt 0:00:08]} 0-1

[Event "11th Arad Open 2018"]
[Site "Arad"]
[Date "2018.08.08"]
[Round "5"]
[White "Dobre, Claudiu-Cristian"]
[Black "Paraschiv, Paul-Alexandru"]
[Result "1-0"]
[WhiteElo "2356"]
[BlackElo "2074"]
[Annotator "NA"]
[PlyCount "63"]
[EventDate "2018.08.05"]
[EventType "swiss"]
[EventCountry "ROU"]
[SourceTitle "playchess.com"]
[Source "ChessBase"]
[SourceQuality "1"]
[TimeControl "40/5400+30:1800+30"]

1. c4 {[%emt 0:00:00]} e5 {[%emt 0:00:18]} 2. Nc3 {[%emt 0:00:00]} Bb4 {[%emt 0:00:06]} 3. Nd5 {[%emt 0:26:52]} a5 {[%emt 0:01:29]} 4. b3 {[%emt 0:07:56]} c6 {[%emt 0:01:34]} 5. Nxb4 {[%emt 0:00:08]} axb4 {[%emt 0:00:07]} 6. Bb2 {[%emt 0:00:16]} Qe7 {[%emt 0:01:37]} 7. d4 {[%emt 0:10:14]} d6 {[%emt 0:09:14]} 8. dxe5 {[%emt 0:02:51]} dxe5 {[%emt 0:00:21]} 9. e3 {[%emt 0:00:44]} Nf6 {[%emt 0:00:53]} 10. Ne2 {[%emt 0:00:35]} Bg4 {[%emt 0:00:55]} 11. Qc2 {[%emt 0:00:58]} O-O {[%emt 0:02:56]} 12. Ng3 {[%emt 0:00:34]} Nbd7 {[%emt 0:01:03]} 13. h3 {[%emt 0:00:55]} Be6 {[%emt 0:00:16]} 14. Be2 {[%emt 0:01:30]} Ra5 {[%emt 0:01:26]} 15. O-O {[%emt 0:02:37]} Qc5 {[%emt 0:03:17]} 16. Kh2 {[%emt 0:02:53]} Rfa8 {[%emt 0:01:21]} 17. f4 {[%emt 0:00:46]} exf4 {[%emt 0:00:58]} 18. exf4 {[%emt 0:00:09]} h5 {[%emt 0:06:29]} 19. f5 {[%emt 0:31:15]} h4 {[%emt 0:01:39]} 20. fxe6 {[%emt 0:00:05]} hxg3+ {[%emt 0:00:16]} 21. Kh1 {[%emt 0:00:05]} fxe6 {[%emt 0:04:13]} 22. Bxf6 {[%emt 0:06:35]} Nxf6 {[%emt 0:00:08]} 23. Rxf6 {[%emt 0:01:15]} gxf6 {[%emt 0:00:01]} 24. Qg6+ {[%emt 0:00:06]} Kh8 {[%emt 0:01:30]} 25. Qxf6+ {[%emt 0:00:48]} Kg8 {[%emt 0:00:09]} 26. Qg6+ {[%emt 0:02:09]} Kh8 {[%emt 0:00:19]} 27. Qh6+ {[%emt 0:00:26]} Kg8 {[%emt 0:00:08]} 28. Bg4 {[%emt 0:00:34]} Kf7 {[%emt 0:03:20]} 29. Rf1+ {[%emt 0:00:26]} Qf2 {[%emt 0:00:27]} 30. Rxf2+ {[%emt 0:00:26]} gxf2 {[%emt 0:00:15]} 31. Qf4+ {[%emt 0:00:08]} Ke8 32. Qf6 1-0

[Event "11th Arad Open 2018"]
[Site "Arad"]
[Date "2018.08.08"]
[Round "5"]
[White "Toma, Radu-Cristian"]
[Black "Swayams, Mishra"]
[Result "1/2-1/2"]
[WhiteElo "2354"]
[BlackElo "2467"]
[Annotator "ChessBase"]
[PlyCount "53"]
[EventDate "2018.08.05"]
[EventType "swiss"]
[EventCountry "ROU"]
[SourceTitle "playchess.com"]
[Source "ChessBase"]
[SourceQuality "1"]
[TimeControl "40/5400+30:1800+30"]

1. Nf3 {[%emt 0:08:30]} Nf6 {[%emt 0:00:00]} 2. g3 {[%emt 0:03:25]} c5 {[%emt 0:00:13]} 3. Bg2 {[%emt 0:00:55]} g6 {[%emt 0:00:13]} 4. O-O {[%emt 0:00:58]} Bg7 {[%emt 0:00:02]} 5. b3 {[%emt 0:05:07]} O-O {[%emt 0:01:54]} 6. Bb2 {[%emt 0:00:29]} Nc6 {[%emt 0:00:16]} 7. c4 {[%emt 0:04:50]} d6 {[%emt 0:01:16]} 8. d4 {[%emt 0:05:38]} Bf5 {[%emt 0:07:01]} 9. Nc3 {[%emt 0:09:46]} Rc8 {[%emt 0:07:01]} 10. dxc5 {[%emt 0:12:21]} dxc5 {[%emt 0:00:40]} 11. Nh4 {[%emt 0:02:00]} Be6 {[%emt 0:05:21]} 12. Nd5 {[%emt 0:01:57]} Nxd5 {[%emt 0:00:31]} 13. Bxg7 {[%emt 0:00:42]} Ne3 {[%emt 0:00:02]} 14. fxe3 {[%emt 0:05:53]} Kxg7 {[%emt 0:01:05]} 15. Qc2 {[%emt 0:08:52]} Qc7 {[%emt 0:00:32]} 16. Bxc6 {[%emt 0:01:57]} Qxc6 {[%emt 0:00:20]} 17. Rfd1 {[%emt 0:01:56]} Rfd8 {[%emt 0:01:31]} 18. Rxd8 {[%emt 0:05:11]} Rxd8 {[%emt 0:00:14]} 19. Rd1 {[%emt 0:00:17]} Rxd1+ {[%emt 0:01:02]} 20. Qxd1 {[%emt 0:00:04]} Qe4 {[%emt 0:00:29]} 21. Qd3 {[%emt 0:03:30]} Qe5 {[%emt 0:00:22]} 22. Kf2 {[%emt 0:01:16]} Bh3 {[%emt 0:09:52]} 23. Nf3 {[%emt 0:04:52]} Qa1 {[%emt 0:00:30]} 24. e4 {[%emt 0:00:16]} Qxa2 {[%emt 0:05:58]} 25. Qd5 {[%emt 0:04:26]} Qxb3 {[%emt 0:08:22]} 26. Qe5+ {[%emt 0:00:20]} Kg8 {[%emt 0:00:01]} 27. Qb8+ {[%emt 0:00:10]} 1/2-1/2

[Event "11th Arad Open 2018"]
[Site "Arad"]
[Date "2018.08.08"]
[Round "5"]
[White "Posedaru, Bogdan"]
[Black "Creanga, Robert-Ionut"]
[Result "1-0"]
[WhiteElo "2326"]
[BlackElo "2069"]
[Annotator "NA"]
[PlyCount "77"]
[EventDate "2018.08.05"]
[EventType "swiss"]
[EventCountry "ROU"]
[SourceTitle "playchess.com"]
[Source "ChessBase"]
[SourceQuality "1"]
[TimeControl "40/5400+30:1800+30"]

1. d4 {[%emt 0:00:00]} Nf6 {[%emt 0:00:00]} 2. c4 {[%emt 0:00:00]} e6 {[%emt 0:00:00]} 3. Nf3 {[%emt 0:00:00]} c5 {[%emt 0:00:00]} 4. d5 {[%emt 0:00:00]} d6 {[%emt 0:00:00]} 5. Nc3 {[%emt 0:00:00]} exd5 {[%emt 0:00:00]} 6. cxd5 {[%emt 0:00:00]} g6 {[%emt 0:00:06]} 7. Bf4 {[%emt 0:00:02]} a6 {[%emt 0:00:05]} 8. a4 {[%emt 0:00:04]} Bg7 {[%emt 0:00:30]} 9. h3 {[%emt 0:00:09]} O-O {[%emt 0:00:49]} 10. e3 {[%emt 0:00:07]} Ne8 {[%emt 0:01:26]} 11. Be2 {[%emt 0:00:04]} Nd7 {[%emt 0:00:54]} 12. O-O {[%emt 0:00:14]} b6 {[%emt 0:02:34]} 13. Nd2 {[%emt 0:06:13]} Qe7 {[%emt 0:05:14]} 14. Nc4 {[%emt 0:03:57]} Rb8 {[%emt 0:02:18]} 15. Qb3 {[%emt 0:00:10]} f5 {[%emt 0:24:19]} 16. Rae1 {[%emt 0:10:34]} Kh8 {[%emt 0:05:18]} 17. Bg3 {[%emt 0:01:10]} Be5 {[%emt 0:08:39]} 18. f4 {[%emt 0:03:06]} Bxc3 {[%emt 0:07:09]} 19. Qxc3+ {[%emt 0:00:04]} Ndf6 {[%emt 0:04:42]} 20. Bf3 {[%emt 0:02:09]} Kg8 {[%emt 0:04:47]} 21. Bh4 {[%emt 0:06:16]} Bd7 {[%emt 0:06:40]} 22. g4 {[%emt 0:10:34]} Qf7 {[%emt 0:06:21]} 23. gxf5 {[%emt 0:04:57]} gxf5 {[%emt 0:00:32]} 24. Qd3 {[%emt 0:00:51]} b5 {[%emt 0:05:24]} 25. axb5 {[%emt 0:00:04]} axb5 {[%emt 0:00:32]} 26. Nd2 {[%emt 0:01:53]} Nc7 {[%emt 0:03:18]} 27. Kh2 {[%emt 0:05:43]} b4 {[%emt 0:04:48]} 28. Nc4 {[%emt 0:03:16]} Nb5 {[%emt 0:02:39]} 29. Ne5 {[%emt 0:05:30]} Qe7 {[%emt 0:01:20]} 30. Rg1+ {[%emt 0:04:37]} Kh8 {[%emt 0:00:09]} 31. Nxd7 {[%emt 0:00:04]} Qxd7 {[%emt 0:00:11]} 32. Rg5 {[%emt 0:00:02]} Ng8 {[%emt 0:02:42]} 33. Reg1 {[%emt 0:00:16]} h6 {[%emt 0:00:36]} 34. Rxg8+ {[%emt 0:06:09]} Rxg8 {[%emt 0:00:10]} 35. Bf6+ {[%emt 0:00:02]} Kh7 {[%emt 0:00:14]} 36. Be4 {[%emt 0:00:04]} Rxg1 {[%emt 0:02:48]} 37. Bxf5+ {[%emt 0:00:04]} Qxf5 {[%emt 0:00:07]} 38. Qxf5+ {[%emt 0:00:01]} Rg6 {[%emt 0:00:02]} 39. h4 {[%emt 0:04:23]} 1-0

[Event "11th Arad Open 2018"]
[Site "Arad"]
[Date "2018.08.08"]
[Round "5"]
[White "Cerovic, Danilo"]
[Black "Miloi, Pavel-Dan"]
[Result "1/2-1/2"]
[WhiteElo "2320"]
[BlackElo "2047"]
[Annotator "NA"]
[PlyCount "47"]
[EventDate "2018.08.05"]
[EventType "swiss"]
[EventCountry "ROU"]
[SourceTitle "playchess.com"]
[Source "ChessBase"]
[SourceQuality "1"]
[TimeControl "40/5400+30:1800+30"]

1. Nf3 {[%emt 0:00:00]} c5 {[%emt 0:00:00]} 2. c4 {[%emt 0:00:00]} Nc6 {[%emt 0:00:16]} 3. d4 {[%emt 0:00:06]} cxd4 {[%emt 0:00:49]} 4. Nxd4 {[%emt 0:00:02]} Nf6 {[%emt 0:01:19]} 5. Nc3 {[%emt 0:00:15]} e6 {[%emt 0:03:49]} 6. Bf4 {[%emt 0:00:54]} a6 {[%emt 0:01:40]} 7. e3 {[%emt 0:04:03]} Bb4 {[%emt 0:06:06]} 8. Be2 {[%emt 0:10:32]} O-O {[%emt 0:11:44]} 9. O-O {[%emt 0:02:53]} Bxc3 {[%emt 0:01:28]} 10. bxc3 {[%emt 0:03:43]} d5 {[%emt 0:00:09]} 11. Nxc6 {[%emt 0:17:48]} bxc6 {[%emt 0:02:27]} 12. cxd5 {[%emt 0:02:17]} Nxd5 {[%emt 0:07:55]} 13. Bf3 {[%emt 0:05:28]} Nxf4 {[%emt 0:18:47]} 14. Qxd8 {[%emt 0:02:11]} Rxd8 {[%emt 0:00:52]} 15. exf4 {[%emt 0:00:06]} Bd7 {[%emt 0:00:39]} 16. Rfd1 {[%emt 0:05:40]} Rab8 {[%emt 0:08:50]} 17. Kf1 {[%emt 0:07:03]} c5 {[%emt 0:02:17]} 18. Ke2 {[%emt 0:01:02]} Kf8 {[%emt 0:02:31]} 19. Ke3 {[%emt 0:02:04]} Ke7 {[%emt 0:00:35]} 20. Rab1 {[%emt 0:01:55]} Bb5 {[%emt 0:05:17]} 21. Be4 {[%emt 0:03:34]} Rxd1 {[%emt 0:06:06]} 22. Rxd1 {[%emt 0:00:55]} Bc4 {[%emt 0:00:40]} 23. Rb1 {[%emt 0:03:11]} Rxb1 {[%emt 0:00:28]} 24. Bxb1 {[%emt 0:00:07]} 1/2-1/2

[Event "11th Arad Open 2018"]
[Site "Arad"]
[Date "2018.08.08"]
[Round "5"]
[White "Banzea, Alexandru-Bogdan"]
[Black "Ursan, Petru-Sebastian"]
[Result "1/2-1/2"]
[WhiteElo "2313"]
[BlackElo "2147"]
[Annotator "NA"]
[PlyCount "82"]
[EventDate "2018.08.05"]
[EventType "swiss"]
[EventCountry "ROU"]
[SourceTitle "playchess.com"]
[Source "ChessBase"]
[SourceQuality "1"]
[TimeControl "40/5400+30:1800+30"]

1. e4 {[%emt 0:03:43]} c5 {[%emt 0:00:45]} 2. Nf3 {[%emt 0:00:06]} g6 {[%emt 0:00:15]} 3. d4 {[%emt 0:00:07]} cxd4 {[%emt 0:00:32]} 4. Nxd4 {[%emt 0:00:10]} Nc6 {[%emt 0:00:54]} 5. Nc3 {[%emt 0:00:19]} Bg7 {[%emt 0:00:27]} 6. Be3 {[%emt 0:00:07]} Nf6 {[%emt 0:02:37]} 7. Bc4 {[%emt 0:00:08]} O-O {[%emt 0:00:10]} 8. Bb3 {[%emt 0:00:08]} Re8 {[%emt 0:07:57]} 9. h4 {[%emt 0:01:00]} e6 {[%emt 0:01:26]} 10. h5 {[%emt 0:14:33]} d5 {[%emt 0:03:09]} 11. hxg6 {[%emt 0:01:44]} hxg6 {[%emt 0:00:58]} 12. Nxc6 {[%emt 0:17:05]} bxc6 {[%emt 0:00:08]} 13. e5 {[%emt 0:09:06]} Nd7 {[%emt 0:10:58]} 14. f4 {[%emt 0:01:04]} c5 {[%emt 0:04:07]} 15. Bf2 {[%emt 0:14:06]} Rb8 {[%emt 0:06:43]} 16. Qf3 {[%emt 0:01:45]} d4 {[%emt 0:07:36]} 17. Ne4 {[%emt 0:04:28]} Bb7 {[%emt 0:00:43]} 18. Qe2 {[%emt 0:14:24]} Bxe4 {[%emt 0:09:19]} 19. Qxe4 {[%emt 0:00:05]} Qa5+ {[%emt 0:00:25]} 20. Kf1 {[%emt 0:03:20]} Nb6 {[%emt 0:03:04]} 21. Qd3 {[%emt 0:02:39]} c4 {[%emt 0:11:01]} 22. Bxc4 {[%emt 0:02:51]} Nxc4 {[%emt 0:00:12]} 23. Qxc4 {[%emt 0:00:10]} Rxb2 {[%emt 0:00:18]} 24. Bxd4 {[%emt 0:01:33]} Rb4 {[%emt 0:00:13]} 25. Qd3 {[%emt 0:00:31]} Rd8 {[%emt 0:04:14]} 26. c3 {[%emt 0:00:40]} Rb2 {[%emt 0:00:33]} 27. Qc4 {[%emt 0:01:27]} Bf8 {[%emt 0:09:18]} 28. Rh3 {[%emt 0:01:04]} a6 {[%emt 0:03:15]} 29. Rf3 {[%emt 0:01:32]} Rdb8 {[%emt 0:06:18]} 30. Kg1 {[%emt 0:00:01]} Rc2 {[%emt 0:01:36]} 31. Rf2 {[%emt 0:00:31]} Rbb2 {[%emt 0:00:23]} 32. Rxc2 {[%emt 0:00:10]} Rxc2 {[%emt 0:00:03]} 33. a4 {[%emt 0:01:03]} Qd8 {[%emt 0:02:57]} 34. Qd3 {[%emt 0:01:17]} Rb2 {[%emt 0:00:55]} 35. Rb1 {[%emt 0:01:01]} Ra2 {[%emt 0:01:24]} 36. Qc4 {[%emt 0:00:15]} Rd2 {[%emt 0:00:33]} 37. Be3 {[%emt 0:01:11]} Rc2 {[%emt 0:01:01]} 38. Qd4 {[%emt 0:01:45]} Qa8 {[%emt 0:01:24]} 39. Bf2 {[%emt 0:00:46]} Qc8 {[%emt 0:00:29]} 40. Rd1 {[%emt 0:00:00]} Rxc3 {[%emt 0:00:00]} 41. Qd8 {[%emt 0:17:52]} Qc4 {[%emt 0:22:38]} 1/2-1/2

[Event "11th Arad Open 2018"]
[Site "Arad"]
[Date "2018.08.08"]
[Round "5"]
[White "Vasiesiu, Victor"]
[Black "Magold, Victor"]
[Result "0-1"]
[WhiteElo "2297"]
[BlackElo "2032"]
[Annotator "NA"]
[PlyCount "140"]
[EventDate "2018.08.05"]
[EventType "swiss"]
[EventCountry "ROU"]
[SourceTitle "playchess.com"]
[Source "ChessBase"]
[SourceQuality "1"]
[TimeControl "40/5400+30:1800+30"]

1. e4 {[%emt 0:00:00]} c5 {[%emt 0:00:00]} 2. Nf3 {[%emt 0:00:00]} Nc6 {[%emt 0:00:00]} 3. Bb5 {[%emt 0:00:03]} Na5 {[%emt 0:00:00]} 4. d4 {[%emt 0:05:43]} a6 {[%emt 0:01:11]} 5. Be2 {[%emt 0:00:27]} cxd4 {[%emt 0:00:33]} 6. Nxd4 {[%emt 0:00:07]} b5 {[%emt 0:03:56]} 7. O-O {[%emt 0:03:03]} Bb7 {[%emt 0:00:53]} 8. Bf3 {[%emt 0:00:20]} Qc7 {[%emt 0:03:57]} 9. Nc3 {[%emt 0:01:12]} e6 {[%emt 0:02:01]} 10. e5 {[%emt 0:12:16]} Bc5 {[%emt 0:05:21]} 11. Bxb7 {[%emt 0:02:41]} Nxb7 {[%emt 0:00:28]} 12. Bf4 {[%emt 0:05:26]} Ne7 {[%emt 0:02:57]} 13. Nf3 {[%emt 0:05:36]} Ng6 {[%emt 0:01:30]} 14. Bg3 {[%emt 0:00:06]} d5 {[%emt 0:06:38]} 15. Nd4 {[%emt 0:05:38]} h5 {[%emt 0:08:23]} 16. h3 {[%emt 0:00:53]} Ne7 {[%emt 0:10:52]} 17. Nce2 {[%emt 0:01:26]} Qb6 {[%emt 0:04:24]} 18. c3 {[%emt 0:04:41]} h4 {[%emt 0:07:47]} 19. Bh2 {[%emt 0:00:49]} Bxd4 {[%emt 0:06:40]} 20. Nxd4 {[%emt 0:01:09]} Nc5 {[%emt 0:02:19]} 21. Qg4 {[%emt 0:00:43]} g6 {[%emt 0:00:56]} 22. Bf4 {[%emt 0:05:41]} Nd3 {[%emt 0:06:56]} 23. Bg5 {[%emt 0:07:06]} Nxe5 {[%emt 0:06:36]} 24. Qf4 {[%emt 0:00:07]} Nd7 {[%emt 0:01:04]} 25. Bf6 {[%emt 0:03:03]} Rh5 {[%emt 0:01:12]} 26. Rae1 {[%emt 0:00:58]} Nxf6 {[%emt 0:03:19]} 27. Qxf6 {[%emt 0:00:13]} Ng8 {[%emt 0:02:20]} 28. Qg7 {[%emt 0:01:00]} Ne7 {[%emt 0:01:07]} 29. Qf6 {[%emt 0:00:07]} Ng8 {[%emt 0:00:42]} 30. Qg7 {[%emt 0:01:37]} Ne7 {[%emt 0:00:18]} 31. Nf3 {[%emt 0:00:23]} Ra7 {[%emt 0:03:20]} 32. Ne5 {[%emt 0:00:43]} Rxe5 {[%emt 0:00:01]} 33. Qxe5 {[%emt 0:00:36]} Nf5 {[%emt 0:02:19]} 34. Rd1 {[%emt 0:03:11]} Rc7 {[%emt 0:05:18]} 35. Rxd5 {[%emt 0:01:50]} Rc6 {[%emt 0:01:27]} 36. Qh8+ {[%emt 0:00:06]} Ke7 {[%emt 0:00:03]} 37. Rd2 {[%emt 0:02:01]} Rd6 {[%emt 0:00:56]} 38. Rfd1 {[%emt 0:00:24]} Rxd2 {[%emt 0:00:02]} 39. Rxd2 {[%emt 0:00:10]} Qc7 {[%emt 0:00:08]} 40. Qa8 {[%emt 0:00:00]} a5 {[%emt 0:00:00]} 41. Qe4 {[%emt 0:17:16]} Kf6 {[%emt 0:17:41]} 42. a4 {[%emt 0:05:00]} bxa4 {[%emt 0:01:12]} 43. Qxa4 {[%emt 0:00:39]} Qe5 {[%emt 0:00:40]} 44. Qd1 {[%emt 0:00:25]} g5 {[%emt 0:01:18]} 45. Re2 {[%emt 0:02:46]} Qf4 {[%emt 0:01:47]} 46. Qc2 {[%emt 0:01:42]} Qd6 {[%emt 0:01:39]} 47. b3 {[%emt 0:01:59]} Qc5 {[%emt 0:00:33]} 48. Qb2 {[%emt 0:02:04]} Kg6 {[%emt 0:00:53]} 49. b4 {[%emt 0:00:30]} axb4 {[%emt 0:00:08]} 50. cxb4 {[%emt 0:00:10]} Qd5 {[%emt 0:01:56]} 51. Qe5 {[%emt 0:03:59]} Qc4 {[%emt 0:05:43]} 52. Qe4 {[%emt 0:02:42]} Qb5 {[%emt 0:00:36]} 53. Rc2 {[%emt 0:02:59]} Kh6 {[%emt 0:01:01]} 54. Qc4 {[%emt 0:03:57]} Qe5 {[%emt 0:00:56]} 55. Qe2 {[%emt 0:05:20]} Qd4 {[%emt 0:01:18]} 56. Qd2 {[%emt 0:01:24]} Qb6 {[%emt 0:00:38]} 57. Rc5 {[%emt 0:01:00]} Kg6 {[%emt 0:00:27]} 58. Kf1 {[%emt 0:00:53]} f6 {[%emt 0:00:48]} 59. Qc3 {[%emt 0:02:38]} e5 {[%emt 0:00:18]} 60. Rc6 {[%emt 0:00:49]} Qb5+ {[%emt 0:00:03]} 61. Kg1 {[%emt 0:01:08]} Nd4 {[%emt 0:00:38]} 62. Rxf6+ {[%emt 0:07:19]} Kxf6 {[%emt 0:00:05]} 63. Qc8 {[%emt 0:00:07]} Qxb4 {[%emt 0:01:47]} 64. Qh8+ {[%emt 0:00:09]} Ke6 {[%emt 0:00:32]} 65. Qg8+ {[%emt 0:00:06]} Kd7 {[%emt 0:00:32]} 66. Qxg5 {[%emt 0:00:34]} Qe1+ {[%emt 0:00:44]} 67. Kh2 {[%emt 0:00:05]} Qxf2 {[%emt 0:00:27]} 68. Qg7+ {[%emt 0:00:06]} Kd6 {[%emt 0:00:10]} 69. Qg6+ {[%emt 0:00:11]} Kc5 {[%emt 0:00:19]} 70. Qg4 {[%emt 0:00:34]} Qf4+ {[%emt 0:00:30]} 0-1

[Event "11th Arad Open 2018"]
[Site "Arad"]
[Date "2018.08.08"]
[Round "5"]
[White "Vrencian, Lehel"]
[Black "Sanduleac, Vasile"]
[Result "1/2-1/2"]
[WhiteElo "2293"]
[BlackElo "2420"]
[Annotator "TA"]
[PlyCount "119"]
[EventDate "2018.08.05"]
[EventType "swiss"]
[EventCountry "ROU"]
[SourceTitle "playchess.com"]
[Source "ChessBase"]
[SourceQuality "1"]

{[%evp 17,119,83,81,65,72,58,62,58,68,70,78,64,68,59,25,10,27,24,18,16,14,19,26,32,27,8,3,0,0,0,13,10,11,5,1,1,18,14,14,-1,0,0,22,22,45,8,3,24,7,-30,0,0,0,0,0,0,12,12,17,10,12,18,39,44,33,16,21,0,8,5,5,5,5,5,6,6,12,6,8,0,0,0,8,8,8,0,26,24,45,-8,0,0,0,0,0,0,0,0,0,0,0,0,0,-8]} 1. e4 g6 2. d4 Bg7 3. c4 d6 4. Nc3 Nc6 5. d5 Nd4 6. Be3 c5 7. Nge2 Nxe2 8. Bxe2 Nf6 9. O-O O-O {LiveBook: 29 Games} 10. Re1 $146 {A42: Modern Defence: Averbakh Variation} ({Predecessor:} 10. f4 a6 11. a4 Nd7 12. a5 Rb8 13. Qd2 b6 14. axb6 Rxb6 15. Kh1 Rb4 16. Qc2 Qb6 17. Ra2 Nf6 18. Na4 {0-1 (42) Bologan,V (2640)-Mamedov,R (2688) Tallinn 2016}) 10... a6 11. Bf4 Qc7 12. h3 {White is slightly better.} Bd7 13. a4 Rae8 14. Bf3 e5 15. dxe6 Rxe6 16. Qc2 Bc6 17. Rad1 Rfe8 18. Nd5 Qd8 19. Re2 Bxd5 20. cxd5 R6e7 21. Rde1 Qc7 22. g3 Nd7 23. Bg5 Bf6 24. Bxf6 Nxf6 25. Qc3 Nd7 {[%cal Bf6d7,Bd7e5,Be5f3][%mdl 32]} 26. a5 b6 27. axb6 Qxb6 28. h4 Qb4 29. Ra1 {Black must now prevent Qxb4.} Ne5 {[#] Threatens to win with ...Qxc3.} (29... Ra8 {is more complex.} 30. Bg2 a5 31. Qc2 Rb8 32. Kh2 Ne5) 30. Bg2 {Qxb4 is the strong threat.} Qb6 31. Qa5 Qxa5 32. Rxa5 Ra7 33. Bf1 Nf3+ 34. Kg2 Nd4 35. Re3 Nc2 36. Re2 Nb4 37. e5 dxe5 38. Rxc5 {White wants to play Re4.} Rd7 39. Rd2 Rd6 40. Bc4 e4 41. Rd1 Kf8 42. Ra1 e3 43. Re1 exf2 $1 44. Rxe8+ Kxe8 45. Kxf2 $11 {[%mdl 4096] Endgame KRB-KRN} Kd7 46. Ke3 Rf6 47. Ra5 {[#] aiming for Kd4.} Kd6 48. Bxa6 Nxd5+ 49. Kd4 Nc7 50. Bc4 Rf2 51. b4 Rf3 52. b5 Rxg3 53. Bxf7 (53. b6 $14 Rg4+ 54. Kd3) 53... Rg4+ {The position is equal.} 54. Kd3 Kc5 55. h5 Kb6 56. Ra1 gxh5 57. Bxh5 Rh4 58. Bf3 Rh3 59. Ke4 Nxb5 60. Rh1 {Precision: White = 52%, Black = 51%.} 1/2-1/2